Dôležité charakterové vlastnosti a podstatné zručnosti osobnosti efektívneho lídra 21. storočia
Lídri ako vodcovské osobnosti, ktoré dokážu vytvoriť rovnováhu medzi osobným talentom, odborným vzdelaním a nadobudnutými profesionálnymi zručnosťami. Líderské kompetencie minulého desaťročia. Súčasní lídri 21. storočia.
Na minha lista:
| Autor principal: | |
|---|---|
| Formato: | Capítulo de Livro |
| Idioma: | eslovaco |
| Assuntos: | |
| Tags: |
Sem tags, seja o primeiro a adicionar uma tag!
|
MARC
| LEADER | 00000nla$a2200000$$$4500 | ||
|---|---|---|---|
| 001 | 0068410 | ||
| 005 | 20240502071827.7 | ||
| 041 | 0 | |a slo | |
| 044 | |a SK | ||
| 245 | 1 | 0 | |a Dôležité charakterové vlastnosti a podstatné zručnosti osobnosti efektívneho lídra 21. storočia |c Katarína Priečková |
| 520 | |a Lídri ako vodcovské osobnosti, ktoré dokážu vytvoriť rovnováhu medzi osobným talentom, odborným vzdelaním a nadobudnutými profesionálnymi zručnosťami. Líderské kompetencie minulého desaťročia. Súčasní lídri 21. storočia. | ||
| 610 | 2 | 0 | |a lídri |
| 610 | 2 | 0 | |a manažéri |
| 610 | 2 | 0 | |a vodcovstvo |
| 610 | 2 | 0 | |a vedenie ľudí |
| 610 | 2 | 0 | |a vedenie podniku |
| 610 | 2 | 0 | |a kompetencie |
| 610 | 2 | 0 | |a tímy pracovné |
| 610 | 2 | 0 | |a flexibilita |
| 610 | 2 | 0 | |a efektívnosť |
| 100 | 1 | |a Priečková, Katarína, 1983- | |